Weder kaiser noch König (Record no. 35900)

MARC details
000 -LEADER
campo de control de longitud fija 00499nam a2200157 i 4500
001 - NÚMERO DE CONTROL
campo de control 35900
003 - IDENTIFICADOR DE NÚMERO DE CONTROL
campo de control ES-MaACL
005 - FECHA Y HORA DE LA ÚLTIMA TRANSACCIÓN
campo de control 20230906155235.0
007 - CAMPO FIJO DE DESCRIPCIÓN FÍSICA--INFORMACIÓN GENERAL
campo de control de longitud fija t|
008 - DATOS DE LONGITUD FIJA--INFORMACIÓN GENERAL
campo de control de longitud fija 030214s1933 gw ||||1| ger d
100 1# - ENTRADA PRINCIPAL--NOMBRE DE PERSONA
Nombre de persona Brehm, Bruno.
9 (RLIN) 31561
245 10 - MENCIÓN DEL TÍTULO
Título Weder kaiser noch König
Resto del título : der untergang der Habsburgischen monarchie /
Mención de responsabilidad, etc. Bruno Brehm.
260 ## - PUBLICACIÓN, DISTRIBUCIÓN, ETC.
Lugar de publicación, distribución, etc. München :
Nombre del editor, distribuidor, etc. R. Piper und Cº,
Fecha de publicación, distribución, etc. [1933] (
Lugar de fabricación/manufactura Leipzig :
Fabricante S. Spamer Druck)
300 ## - DESCRIPCIÓN FÍSICA
Extensión 594 p. ;
Dimensiones 19 cm.
852 ## - LOCALIZACIÓN
Ubicación ES-MaACL
Número de control de estantería F-15532
Sublocalización o colección R.19141
Holdings
Estatus retirado Estado de pérdida Estado de daño No para préstamo Biblioteca de origen Biblioteca actual Ubicación en estantería Fecha de adquisición Fuente de adquisición Total de préstamos Signatura topográfica completa Código de barras Visto por última vez Precio de reemplazo Tipo de ítem Koha
        Biblioteca del Ateneo de Madrid Biblioteca del Ateneo de Madrid Sala Pecera Planta 2 17/01/2008     F-15532 1037631 23/02/2023 23/02/2023 Libro impreso